000 00352nam a2200145Ia 4500
008 150301s2014 xx 000 0 und d
082 _a615
_bM14T
100 _aTRIPATHI, KD
245 _aESSENTIALS OF MEDICAL PHARMACOLOGY
250 _a7TH
260 _bJAYPEE MEDICAL PUB.
_c2014
300 _a1002
650 _aPHARMACOLOGY
942 _2ddc
_cBK
_012
999 _c6775
_d6775